Normal view
MARC view
- América Latina
Entry Nombre Geográfico
001 - NÚMERO DE CONTROL
- campo de control: 9653
003 - IDENTIFICADOR DE NUMERO DE CONTROL
- campo de control: UPN
005 - FECHA Y HORA DE LA ÜLTIMA TRANSACCIÓN
- campo de control: 20230210114809.0
008 - DATOS DE LONGITUD FIJA
- campo de control de longitud fija: 230210n||acnnnbabn | ana |d
035 ## - NÚMERO DE CONTROL
- Número de control: UPN10000009659
040 ## - FUENTE DE CATALOGACIÓN
- Agencia de catalogación original: UPN
- Lenguaje de catalogación: spa
- Agencia de transcripción: UPN
151 ## - ENCABEZAMIENTO - NOMBRE GEOGRÁFICO
- Nombre geográfico: América Latina
- Subdivisión general : Política y gobierno
- Subdivisión cronológica : Siglo XXI
670 ## - FUENTE EN LA QUE SE LOCALIZARON DATOS
- Cita de la fuente: LC
- Información localizada: Latin America - Politics and government - 21st century
902 ## - CATALOGADOR
- Catalogador: MCM/200508
